| 000 | 00503nam a2200205 a 4500 | ||
|---|---|---|---|
| 001 | 0001-1997 | ||
| 003 | ELIB.Books | ||
| 008 | 190528 2010 eng | ||
| 020 | _aKBTS | ||
| 092 |
_a236.25 _bFer |
||
| 100 | _aFernando, Ajith | ||
| 245 | _aCrucial Questions about Hell | ||
| 260 |
_aIndia _bGLS _c2012 |
||
| 300 |
_a205 _c21 Cm |
||
| 650 | _aHell | ||
| 856 |
_nKBTS Library _uKBTS Elib |
||
| 942 |
_2ddc _cBK |
||
| 998 |
_aEnglishbooks.elf _ccat _e2019-05-28 |
||
| 999 |
_c11997 _d11997 |
||